00312cam a22001097a 4500008003600000082001800036100002100054245004900075260003200124300001000156650003600166180718b xxu||||| |||| 00| 0 eng d aA99/si64 G959 aGupt, Manmthnath aBhagatsingh aur unka yugcby Manmthnath Gupt aNew DelhibLipi Prakashanc a248p. aBhagatsingh-Political biography